| 000 | 00436nam a2200145 a 4500 | ||
|---|---|---|---|
| 001 | 000031725 | ||
| 005 | 20250403120424.0 | ||
| 008 | 110630s20uu dr 000 0 spa d | ||
| 040 |
_aDO-SdBNP _bspa _cBNPHU |
||
| 110 | 1 |
_aRepública Dominicana. _bDirección General de Aduanas. _943102 |
|
| 245 | 1 | 4 | _aUna nueva aduanas honesta y de servicios. |
| 260 |
_a[ Santo Domingo ] :, _c[200?] _bDGA. |
||
| 300 |
_a28 p. ; _c27 cm. |
||
| 049 | _aBNPD | ||
| 999 |
_c31217 _d31217 |
||